[Event "Wuerttemberg-ch MT"]
[Site "Stuttgart"]
[Date "2015.08.31"]
[Round "3"]
[White "Reck, Moritz"]
[Black "Geshnizjani, Ramin Tobias"]
[Result "0-1"]
[WhiteElo "2157"]
[BlackElo "2081"]
[PlyCount "130"]
[EventDate "2015.08.29"]
[EventType "swiss"]
[EventRounds "9"]
[EventCountry "GER"]
[SourceTitle "EXT 2017"]
[Source "ChessBase"]
[SourceDate "2016.10.25"]
[SourceVersion "1"]
[SourceVersionDate "2016.10.25"]
[SourceQuality "1"]

1. e4 c5 2. Nc3 Nc6 3. g3 g6 4. Bg2 Bg7 5. d3 e6 6. Be3 Nd4 7. Qd2 Ne7 8. Nd1 b6 9. c3 Ndc6 10. Bh6 0-0 11. h4 f5 12. h5 Qe8 13. Bf3 Ba6 14. Bxg7 Kxg7 15. hxg6 hxg6 16. Qh6+ Kf6 17. Qh4+ Kg7 18. Qh6+ Kf6 19. Nh3 Ne5 20. Be2 Rh8 21. Qd2 Kg7 22. f4 Ng4 23. Bxg4 fxg4 24. Nhf2 Rxh1+ 25. Nxh1 d5 26. Ndf2 dxe4 27. Nxe4 Rd8 28. Nhf2 Nf5 29. 0-0-0 Qa4 30. b3 Qa3+ 31. Qb2 Qxb2+ 32. Kxb2 Ne3 33. Re1 Nf5 34. Ng5 Bc8 35. Nxe6+ Bxe6 36. Rxe6 Nxg3 37. Re7+ Kf8 38. Rxa7 Ne2 39. Nxg4 Nxf4 40. Rb7 Nxd3+ 41. Kc2 Rd6 42. Ne3 Ne5 43. a4 g5 44. Nf5 Rf6 45. Ng3 g4 46. Kd1 Rf3 47. Ne2 g3 48. Rxb6 g2 49. Re6 Rf1+ 50. Kc2 Rf2 51. Rxe5 g1Q 52. Rf5+ Ke7 53. Rxf2 Qxf2 54. Kd3 Qf5+ 55. Kd2 Qb1 56. b4 cxb4 57. cxb4 Qxb4+ 58. Nc3 Ke6 59. Kd3 Ke5 60. Kc2 Kd4 61. Ne2+ Kc4 62. Nf4 Qxa4+ 63. Kd2 Qb3 64. Ke2 Kd4 65. Ne6+ Qxe6+ 0-1

[Event "Stuttgart-chA int"]
[Site "Ditzingen"]
[Date "2012.05.18"]
[Round "3"]
[White "Reck, Moritz"]
[Black "Bluma, Marcel"]
[Result "0-1"]
[WhiteElo "2169"]
[BlackElo "2085"]
[PlyCount "92"]
[EventDate "2012.05.17"]
[EventType "swiss"]
[EventRounds "7"]
[EventCountry "GER"]
[SourceTitle "EXT 2018"]
[Source "ChessBase"]
[SourceDate "2017.10.13"]
[SourceVersion "1"]
[SourceVersionDate "2017.10.13"]
[SourceQuality "1"]

1. d4 d5 2. c4 e6 3. Nc3 Nf6 4. Bg5 Be7 5. Nf3 Ne4 6. Bxe7 Qxe7 7. cxd5 Nxc3 8. bxc3 exd5 9. Qb3 c6 10. e3 Bf5 11. c4 0-0 12. cxd5 cxd5 13. Bd3 Bxd3 14. Qxd3 Nc6 15. 0-0 Rfd8 16. Rfc1 Rd6 17. Qa3 Re8 18. Rab1 b6 19. Rc3 h5 20. Rbc1 Qd7 21. R1c2 Rg6 22. Qa4 Qg4 23. Ne1 Qd1 24. Kf1 Ree6 25. h3 Kh7 26. Rd3 Qa1 27. Qa3 Qb1 28. Rb2 Qc1 29. Rc2 Qb1 30. Rb2 Qc1 31. Rc3 Qd1 32. Rd3 Qc1 33. Rc3 Qd1 34. Rcc2 Rxg2 35. Kxg2 Qxe1 36. Qd3+ Kh6 37. f4 Nb4 38. Rxb4 Qxb4 39. Qf5 Rg6+ 40. Kf2 Qb1 41. h4 f6 42. Kf3 b5 43. Kf2 a5 44. Qc8 Qg1+ 45. Ke2 Rg2+ 46. Kd3 Qd1+ 0-1

[Event "Wuerttemberg-ch MT"]
[Site "Lauffen am Neckar"]
[Date "2011.09.03"]
[Round "8"]
[White "Reck, Moritz"]
[Black "Seyfried, Claus"]
[Result "1/2-1/2"]
[WhiteElo "2167"]
[BlackElo "2166"]
[PlyCount "33"]
[EventDate "2011.08.27"]
[EventType "swiss"]
[EventRounds "9"]
[EventCountry "GER"]
[SourceTitle "EXT 2017"]
[Source "ChessBase"]
[SourceDate "2016.10.25"]
[SourceVersion "1"]
[SourceVersionDate "2016.10.25"]
[SourceQuality "1"]

1. g3 d5 2. Bg2 c6 3. d3 e5 4. Nd2 f5 5. e4 Nf6 6. Ngf3 Bd6 7. 0-0 0-0 8. c3 Kh8 9. Re1 fxe4 10. dxe4 Nbd7 11. exd5 cxd5 12. Nf1 e4 13. Nd4 Ne5 14. h3 Qb6 15. Qb3 Bd7 16. Qxb6 axb6 17. Bf4 1/2-1/2

[Event "Wuerttemberg-ch MT"]
[Site "Lauffen am Neckar"]
[Date "2011.08.31"]
[Round "5"]
[White "Gabriel, Josef"]
[Black "Reck, Moritz"]
[Result "1-0"]
[WhiteElo "2130"]
[BlackElo "2167"]
[PlyCount "76"]
[EventDate "2011.08.27"]
[EventType "swiss"]
[EventRounds "9"]
[EventCountry "GER"]
[SourceTitle "EXT 2017"]
[Source "ChessBase"]
[SourceDate "2016.10.25"]
[SourceVersion "1"]
[SourceVersionDate "2016.10.25"]
[SourceQuality "1"]

1. e4 g6 2. d4 Bg7 3. c4 d6 4. Nc3 Nc6 5. Be3 e5 6. Nge2 Nf6 7. d5 Ne7 8. f3 0-0 9. Qd2 Ne8 10. 0-0-0 f5 11. Kb1 a6 12. Nc1 Rb8 13. Be2 Nf6 14. h3 b5 15. cxb5 axb5 16. b4 fxe4 17. fxe4 Bd7 18. Bf3 Nc8 19. Nb3 Nb6 20. Na5 Qc8 21. Ka1 Qa6 22. Rb1 Kh8 23. Rb2 Nc4 24. Nxc4 bxc4 25. Rhb1 c6 26. dxc6 Qxc6 27. b5 Qb7 28. Qxd6 Rfd8 29. Rd1 h6 30. Bxh6 Bxh6 31. Qxf6+ Kh7 32. Bg4 Bg7 33. Qh4+ Kg8 34. Be6+ Bxe6 35. Rxd8+ Rxd8 36. Qxd8+ Kh7 37. b6 Qf7 38. b7 Qf4 1-0